[Event "Druzynowe Mistrzostwa Polski Juniorow - Ekstraliga 2021"]
[Site "Lublin"]
[Date "1899-12-30"]
[Round "4.7"]
[White "Panek, Bartosz"]
[Black "Mis, Mieszko"]
[Result "0-1"]
[WhiteTitle "I+"]
[BlackTitle "FM"]
[WhiteElo "1878"]
[BlackElo "2336"]

1. d4 Nf6 2. c4 e6 3. Nc3 Bb4 4. Bf4 Bxc3+ 5. bxc3 b6 6. Nh3 d6 7. f3 Qe7 8. e4
e5 9. Bg5 h6 10. Be3 Bxh3 11. gxh3 O-O 12. Qd2 Kh7 13. Rg1 Nbd7 14. Bd3 c5 15.
O-O-O Rg8 16. Kb1 Nf8 17. f4 cxd4 18. cxd4 Ne6 19. Bc2 Rad8 20. Rg2 Qc7 21. f5
Nxd4 22. Bxd4 exd4 23. Qxd4 Rde8 24. Rdg1 Qc5 25. Qxc5 dxc5 26. Re1 Re5 27. Rge2
Rd8 28. Kb2 g5 29. fxg6+ fxg6 30. Rf2 Kg7 31. Ref1 Rd6 32. Kb3 Re7 33. a4 Rde6
34. Rg2 Nxe4 35. Rfg1 Rd6 36. Re1 Rde6 37. Reg1 Rf7 38. Bxe4 Rxe4 39. Rxg6+ Kh7
40. R6g3 Re2 41. Rd1 Rxh2 42. Rd5 Rh1 43. Kb2 Rhf1 44. a5 R1f5 45. Rgd3 bxa5 46.
Ka3 Kg6 47. Ka4 Rxd5 48. Rxd5 Rf5 49. Rd7 Rf3 50. Rd5 Rxh3 51. Rxc5 Rh1 52. Rxa5
Ra1+ 53. Kb5 Rxa5+ 54. Kxa5 Kf6 55. Kb5 Ke6 56. Kc6 h5 57. c5 h4 58. Kb7 h3 59.
c6 h2 0-1

[Event "Druzynowe Mistrzostwa Polski Juniorow - Ekstraliga 2021"]
[Site "Lublin"]
[Date "1899-12-30"]
[Round "4.8"]
[White "Czernek, Tymon"]
[Black "Piechota, Kamil"]
[Result "1/2-1/2"]
[WhiteTitle "FM"]
[BlackTitle "I"]
[WhiteElo "2199"]
[BlackElo "1649"]

1. e4 e5 2. Nf3 Nc6 3. Bc4 Bc5 4. O-O Nf6 5. d3 O-O 6. Bb3 d5 7. exd5 Nxd5 8. Re1
Bg4 9. h3 Bh5 10. Nbd2 f5 11. Nf1 Nd4 12. Rxe5 Bxf3 13. gxf3 Nxb3 14. axb3 Qh4
15. Qe2 Rf6 16. Ra4 Qxh3 17. Re6 f4 18. Rxf6 Nxf6 19. Bxf4 Re8 20. Qd1 b5 21.
Ra6 Nh5 22. Bh2 Rf8 23. d4 Bd6 24. Bxd6 cxd6 25. Nh2 Rf5 26. Qf1 Rg5+ 27. Kh1
Qe6 28. c4 Nf4 29. cxb5 Ne2 30. b6 axb6 31. Ra8+ Kf7 32. Ra7+ Kg6 33. Qb1+ Kh6
34. Ng4+ Rxg4 35. fxg4 Qxg4 36. Qf1 Qh4+ 37. Kg2 Qg4+ 38. Kh2 Qf4+ 39. Kg2 Qg4+
40. Kh2 Qf4+ 1/2-1/2

[Event "Druzynowe Mistrzostwa Polski Juniorow - Ekstraliga 2021"]
[Site "Lublin"]
[Date "1899-12-30"]
[Round "4.9"]
[White "Kubik, Rafal"]
[Black "Sowinski, Pawel"]
[Result "0-1"]
[WhiteTitle "I"]
[BlackTitle "I++"]
[WhiteElo "1761"]
[BlackElo "2006"]

1. e4 c5 2. c3 d5 3. exd5 Qxd5 4. d4 Nc6 5. Nf3 Bf5 6. Be3 cxd4 7. cxd4 e6 8. Nc3
Bb4 9. Be2 Nf6 10. O-O Qa5 11. Qb3 O-O 12. a3 Bxc3 13. bxc3 Qc7 14. c4 Rfd8 15.
Rfd1 Rac8 16. Rac1 Ng4 17. h3 Na5 18. Qc3 Nf6 19. Nd2 Nd5 20. Qb2 Nxe3 21. fxe3
Qg3 22. Nf1 Qg6 23. Kh2 h5 24. Ng3 h4 25. Nxf5 Qxf5 26. Qb5 Qxb5 27. cxb5 Kf8
28. Kg1 Ke7 29. Kf2 Nb3 30. Rb1 Rc3 31. Rd3 Rxd3 32. Bxd3 Nc5 33. dxc5 Rxd3 34.
c6 bxc6 35. bxc6 Kd6 36. Rb7 Rxa3 37. Rxf7 Kxc6 38. Rxg7 Ra4 39. g3 hxg3+ 40.
Kxg3 a5 41. h4 Ra1 42. Kf2 a4 43. h5 Rh1 44. Ra7 Kb5 45. Rb7+ Ka6 46. Rb8 Rxh5
47. Ke2 Rd5 48. Ra8+ Kb5 49. e4 Rd6 50. Ke3 Ra6 51. Rb8+ Rb6 52. Ra8 Kb4 53. Kd2
Kb3 54. Rc8 a3 55. Rc3+ Ka4 56. Rc8 a2 57. Kc2 Rb5 58. Rc4+ Ka5 59. Rc8 Kb6 60.
Rb8+ Ka7 0-1

[Event "Druzynowe Mistrzostwa Polski Juniorow - Ekstraliga 2021"]
[Site "Lublin"]
[Date "1899-12-30"]
[Round "4.10"]
[White "Krawczyk, Flawian"]
[Black "Karwot, Marek"]
[Result "1-0"]
[WhiteTitle "I+"]
[BlackTitle "II"]
[WhiteElo "1942"]
[BlackElo "1395"]

1. d4 Nf6 2. c4 g6 3. Nf3 Bg7 4. g3 c6 5. Bg2 d5 6. Qb3 Qb6 7. Nc3 O-O 8. O-O Bf5
9. cxd5 Qxb3 10. axb3 cxd5 11. Ne5 Rd8 12. Bg5 h6 13. Bxf6 exf6 14. Nd3 Nc6 15.
Nf4 Nxd4 16. Ncxd5 Be6 17. Nc7 Rac8 18. Ncxe6 Nxe6 19. Nxe6 fxe6 20. Rxa7 Rc2
21. Rxb7 Rxe2 22. Rc1 f5 23. Bf1 Rxb2 24. Bc4 Re8 25. Rd1 Bc3 26. Bxe6+ Kh8 27.
Rdd7 Bg7 28. Bc4 1-0

[Event "Druzynowe Mistrzostwa Polski Juniorow - Ekstraliga 2021"]
[Site "Lublin"]
[Date "1899-12-30"]
[Round "4.11"]
[White "Bugaj, Hanna"]
[Black "Wikar, Martyna"]
[Result "0-1"]
[WhiteTitle "I++"]
[BlackTitle "k++"]
[WhiteElo "1769"]
[BlackElo "2125"]

1. c4 e5 2. Nc3 Nf6 3. Nf3 Nc6 4. a3 d5 5. cxd5 Nxd5 6. e4 Nxc3 7. bxc3 Bc5 8.
Be2 Qf6 9. d3 h6 10. O-O Bg4 11. Be3 Bxf3 12. Bxf3 Bb6 13. Qa4 O-O 14. Rad1 Rad8
15. Be2 Rd6 16. Bxb6 axb6 17. f4 exf4 18. d4 Qg5 19. e5 Rd5 20. Qb3 Ra5 21. Bc4
Ne7 22. Rf2 Nf5 23. Rd3 b5 24. Bxb5 c6 25. Bc4 b5 26. Qb4 bxc4 27. Rdf3 Rb5 28.
Qa4 Rb1+ 29. Rf1 Ne3 0-1

[Event "Druzynowe Mistrzostwa Polski Juniorow - Ekstraliga 2021"]
[Site "Lublin"]
[Date "1899-12-30"]
[Round "4.12"]
[White "Pawicka, Magdalena"]
[Black "Sprzeczka, Emilia"]
[Result "1/2-1/2"]
[WhiteTitle "k+"]
[BlackTitle "I"]
[WhiteElo "1799"]
[BlackElo "1431"]

1. e4 e5 2. Nf3 Nc6 3. Bc4 Bc5 4. O-O Nf6 5. d4 Bxd4 6. Nxd4 Nxd4 7. Bg5 Ne6 8.
f4 Qe7 9. Bxe6 Qxe6 10. Nc3 h6 11. fxe5 Nxe4 12. Nxe4 hxg5 13. Nxg5 Qb6+ 14. Kh1
Qh6 15. Nf3 b6 16. Qd5 Rb8 17. Rad1 g5 18. Qc4 c6 19. Qg4 d5 20. Qxg5 Qxg5 21.
Nxg5 Be6 22. Rf6 Rh5 23. Nxe6 fxe6 24. Rxe6+ Kd7 25. Rd6+ Kc7 26. Rg6 Rxe5 27.
Rg7+ Kd6 28. Rxa7 Re2 29. c4 Rxb2 30. cxd5 cxd5 31. Ra3 Rf8 32. Rb3 Rff2 33. Rxb2
Rxb2 34. h4 Rxa2 35. Kh2 b5 36. Kg3 b4 37. h5 Ke5 38. Rb1 Ra3+ 39. Kf2 Ra2+ 40.
Kf3 Ra3+ 41. Ke2 Ra2+ 42. Kf3 Ra3+ 43. Ke2 Rg3 44. Rxb4 Rxg2+ 45. Kd3 Rh2 46.
Ra4 Rxh5 47. Rb4 Rh3+ 48. Kd2 d4 49. Rb8 Rh6 50. Re8+ Kd5 51. Rd8+ Kc5 52. Rc8+
Rc6 53. Rxc6+ Kxc6 54. Kd3 Kc5 55. Kd2 Kc4 56. Kc2 d3+ 57. Kd2 Kd4 58. Kd1 Ke3
59. Ke1 d2+ 60. Kd1 Kd3 1/2-1/2

[Event "Druzynowe Mistrzostwa Polski Juniorow - Ekstraliga 2021"]
[Site "Lublin"]
[Date "1899-12-30"]
[Round "4.13"]
[White "Teclaf, Pawel"]
[Black "Seemann, Jakub"]
[Result "1/2-1/2"]
[WhiteTitle "IM"]
[BlackTitle "FM"]
[WhiteElo "2514"]
[BlackElo "2305"]

1. Nf3 Nf6 2. g3 d5 3. Bg2 e6 4. b3 Be7 5. Bb2 O-O 6. c4 c5 7. cxd5 exd5 8. d4
Nc6 9. O-O Bg4 10. Nc3 a6 11. Na4 cxd4 12. Nxd4 Re8 13. Nxc6 bxc6 14. Qd3 Qa5
15. e3 Qb5 16. Qd4 c5 17. Qf4 Be6 18. Rfd1 Red8 19. Be5 Rac8 20. Nc3 Qa5 21. Qa4
Qxa4 22. Nxa4 c4 23. Nb6 Rc5 24. Bd4 Rb5 25. Bf1 Rb8 26. Na4 Ra5 27. Be5 Rb7 28.
Nc3 Nd7 29. Bd4 cxb3 30. axb3 Rxa1 31. Rxa1 Bc5 32. Bxa6 Bxd4 33. Bxb7 Bxc3 1/2-1/2

[Event "Druzynowe Mistrzostwa Polski Juniorow - Ekstraliga 2021"]
[Site "Lublin"]
[Date "1899-12-30"]
[Round "4.14"]
[White "Grochol, Kamil"]
[Black "Niedbala, Bartlomiej"]
[Result "1/2-1/2"]
[WhiteTitle "I++"]
[BlackTitle "FM"]
[WhiteElo "1978"]
[BlackElo "2360"]

1. e4 d5 2. exd5 Qxd5 3. Nf3 Nf6 4. d4 g6 5. c4 Qd6 6. Nc3 c6 7. h3 Bg7 8. Be2
O-O 9. O-O Bf5 10. Be3 Na6 11. Qd2 Nc7 12. Bf4 Qd8 13. Bh6 Ne4 14. Nxe4 Bxe4 15.
Bxg7 Kxg7 16. Qe3 Bxf3 17. Bxf3 Qd6 18. Rfe1 e6 19. Rad1 Rfd8 20. h4 h6 21. g3
Rd7 22. Qc3 Kg8 23. Re3 Rad8 24. h5 g5 25. Red3 a6 26. Qa5 Ne8 27. Be2 Ng7 28.
Qc3 Qe7 29. Bf3 Qf6 30. Kg2 Qf5 31. g4 Qf4 32. Qd2 Qf6 33. Qc3 Qf4 34. Qd2 Qd6
35. d5 cxd5 36. cxd5 e5 37. Be4 f5 38. Bxf5 Nxf5 39. gxf5 Rf7 40. Qe2 Rxf5 41.
Rf3 Rxf3 42. Qxf3 Kg7 43. Qe4 Rd7 44. Rd3 Rd8 45. a3 Kh8 46. Rd2 Rd7 47. Rd3 Rd8
48. Rd2 Rd7 49. b4 Rd8 50. Rd3 Rd7 51. Rd2 Rd8 52. Rd1 Rd7 53. Qf5 Kg7 54. Qe4
Kh8 55. a4 Rf7 56. Qg6 Qxb4 57. Qxf7 Qg4+ 58. Kh2 Qh4+ 59. Kg2 Qg4+ 60. Kh2 Qh4+
61. Kg1 Qg4+ 62. Kh2 Qh4+ 63. Kg1 Qg4+ 64. Kh2 Qh4+ 65. Kg1 1/2-1/2

[Event "Druzynowe Mistrzostwa Polski Juniorow - Ekstraliga 2021"]
[Site "Lublin"]
[Date "1899-12-30"]
[Round "4.15"]
[White "Warchol, Kamil"]
[Black "Jendrowiak, Maciej"]
[Result "1-0"]
[WhiteTitle "CM"]
[BlackTitle "II+"]
[WhiteElo "2126"]
[BlackElo "1472"]

1. c4 e5 2. e3 Nf6 3. a3 d5 4. cxd5 Nxd5 5. b4 g6 6. Bb2 Bg7 7. Nf3 Qe7 8. d4 e4
9. Nfd2 O-O 10. Qc2 f5 11. Nc3 c6 12. h4 h6 13. Ne2 f4 14. Nxf4 Nxf4 15. exf4
e3 16. Qb3+ Kh8 17. Qxe3 Qf7 18. Nf3 Qxf4 19. Qxf4 Rxf4 20. Ne5 Bxe5 21. dxe5
Be6 22. g3 Re4+ 23. Kd2 Na6 24. f3 Rd8+ 25. Bd3 Bc4 26. fxe4 Rxd3+ 27. Kc2 Rxg3
28. Rhg1 Rh3 29. Rae1 Kh7 30. Rg2 Nc7 31. Kc1 Ne6 32. Rf2 Rxh4 33. Rf7+ Kg8 34.
Rxb7 Nf4 35. Rd1 Nd3+ 36. Kb1 Rh2 37. Bd4 Nf4 38. Bg1 1-0

[Event "Druzynowe Mistrzostwa Polski Juniorow - Ekstraliga 2021"]
[Site "Lublin"]
[Date "1899-12-30"]
[Round "4.16"]
[White "Seemann, Pola"]
[Black "Herwy, Jakub"]
[Result "0-1"]
[WhiteTitle "I++"]
[BlackTitle "I+"]
[WhiteElo "1607"]
[BlackElo "1907"]

1. e4 c5 2. Nc3 Nc6 3. Bb5 Nd4 4. Nf3 Nxb5 5. Nxb5 a6 6. Nc3 e6 7. d4 cxd4 8. Qxd4
Qc7 9. O-O Ne7 10. Be3 Nc6 11. Qd2 Be7 12. Bf4 Qa5 13. Rad1 b5 14. Rfe1 O-O 15.
Ne5 b4 16. Nxc6 dxc6 17. Ne2 e5 18. Bg3 Be6 19. b3 f6 20. Kh1 Rad8 21. Qe3 Bc5
22. Qc1 Qxa2 23. f4 Rxd1 24. Qxd1 Qa5 25. Nc1 Bd4 26. Nd3 Qb5 27. Rf1 Rd8 28.
Qf3 exf4 29. Bxf4 a5 30. Qg3 Rd7 31. Re1 Bc3 32. Rf1 c5 33. Qf3 c4 34. bxc4 Bxc4
35. e5 Qd5 36. Qh5 g6 37. Qh6 Bxd3 38. cxd3 Qxd3 39. Rg1 Bxe5 40. Be3 b3 41. Bc5
Bd6 42. Bxd6 Qxd6 43. Qc1 a4 44. Qc4+ Qd5 45. Qxa4 Kg7 46. Qa1 Qd4 47. Qb1 b2
48. h3 Rc7 49. Kh2 Qf4+ 50. Kh1 Qc1 51. Kh2 Qxb1 52. Rxb1 Rb7 53. Kg3 g5 54. Kf3
f5 55. Kg3 h5 56. Kf3 Kf6 57. Ke3 Ke5 58. Kd3 Kf4 59. Ke2 Kg3 60. Kf1 f4 61. Kg1
Rb3 62. Kf1 f3 63. gxf3 Kxf3 64. Kg1 Ke2 65. Kg2 Kd2 66. Kf2 Kc2 0-1

[Event "Druzynowe Mistrzostwa Polski Juniorow - Ekstraliga 2021"]
[Site "Lublin"]
[Date "1899-12-30"]
[Round "4.17"]
[White "Adamczyk, Zuzanna"]
[Black "Kroliczek, Gabriela"]
[Result "1/2-1/2"]
[WhiteTitle "WCM"]
[BlackTitle "k"]
[WhiteElo "1921"]
[BlackElo "1990"]

1. e4 e6 2. d4 d5 3. Nc3 Nf6 4. e5 Nfd7 5. f4 c5 6. Nf3 Nc6 7. Be3 Be7 8. Qd2 O-O
9. dxc5 Qa5 10. O-O-O b6 11. Bb5 Nb4 12. a3 bxc5 13. Kb1 Rb8 14. axb4 cxb4 15.
Nxd5 exd5 16. Bxd7 Bxd7 17. Qxd5 Qxd5 18. Rxd5 Bc6 19. Ra5 Ra8 20. b3 Rfc8 21.
Kb2 Be4 22. Ne1 a6 23. Rf1 Rd8 24. Ra1 f6 25. Nf3 Rac8 26. Rf2 Rd5 27. Rxa6 Bxf3
28. gxf3 fxe5 29. fxe5 Rxe5 30. Bd4 Rd5 31. c3 bxc3+ 32. Bxc3 Rd3 33. Be5 Rc5
34. f4 Rb5 35. Bc3 Rc5 36. Re2 Rcxc3 37. Rxe7 Rxb3+ 38. Ka2 Rb8 39. Raa7 Rd2+
40. Ka3 Rd3+ 41. Ka2 Rd2+ 42. Ka3 Rg2 43. f5 Rf8 44. Kb3 Rxf5 45. Kc3 h5 46. Kd4
h4 47. Ke4 Rf6 48. Ke3 Kh7 49. Re5 Rxh2 50. Rg5 Rg6 51. Rh5+ Rh6 52. Rg5 Re6+
53. Kd4 h3 54. Rgxg7+ Kh6 55. Rh7+ Kg6 56. Rag7+ Kf5 57. Rg3 Re4+ 58. Kc3 Ra4
59. Kb3 Rha2 60. Rgxh3 R2a3+ 61. Kb2 Ra2+ 62. Kb3 R2a3+ 63. Kb2 Ra2+ 64. Kb3 Ke5
1/2-1/2

[Event "Druzynowe Mistrzostwa Polski Juniorow - Ekstraliga 2021"]
[Site "Lublin"]
[Date "1899-12-30"]
[Round "4.18"]
[White "Gaszka, Zuzanna"]
[Black "Salamon, Julia"]
[Result "1-0"]
[WhiteTitle "I++"]
[BlackTitle "I+"]
[WhiteElo "1474"]
[BlackElo "1504"]

1. e4 c5 2. Nf3 e6 3. d4 cxd4 4. Nxd4 Nf6 5. Nc3 Nc6 6. Ndb5 Bb4 7. a3 Bxc3+ 8.
Nxc3 d5 9. exd5 exd5 10. Bd3 O-O 11. O-O Bg4 12. f3 Be6 13. Bg5 h6 14. Bh4 Rc8
15. f4 Qb6+ 16. Kh1 Bg4 17. Qd2 Ne7 18. Rfe1 Rc7 19. Bxf6 Qxf6 20. Rxe7 Rxe7 21.
Nxd5 Qd6 22. Nxe7+ Qxe7 23. Re1 Qf6 24. Qb4 Qh4 25. Qe7 Qxe7 26. Rxe7 Bc8 27.
Kg1 f5 28. Kf2 Rd8 29. Ke3 Kf8 30. Re5 Re8 31. Kd4 g6 32. Rxe8+ Kxe8 33. Ke5 Kf7
34. h4 h5 35. Kd6 Be6 36. b3 a6 37. Bc4 Bxc4 38. bxc4 Kf6 39. c5 Kf7 40. Kc7 Ke6
41. Kxb7 1-0

[Event "Druzynowe Mistrzostwa Polski Juniorow - Ekstraliga 2021"]
[Site "Lublin"]
[Date "1899-12-30"]
[Round "4.19"]
[White "Warchol, Bartosz"]
[Black "Luberanski, Jakub"]
[Result "0-1"]
[WhiteTitle "I++"]
[BlackTitle "FM"]
[WhiteElo "1965"]
[BlackElo "2306"]

1. d4 Nf6 2. c4 e6 3. Nf3 d5 4. g3 Be7 5. Bg2 O-O 6. O-O dxc4 7. Ne5 Nc6 8. Nxc6
bxc6 9. Na3 Bxa3 10. bxa3 Ba6 11. Qd2 Rb8 12. Rd1 Rb6 13. Qa5 c3 14. e4 Be2 15.
Re1 Qxd4 16. Be3 Qd3 17. Bxb6 axb6 18. Qa4 Ng4 19. Qxc6 Qd2 20. Qxc7 c2 21. Qf4
Qc3 22. Rac1 Bd1 23. Rexd1 cxd1=R+ 24. Rxd1 Ne5 25. h3 h6 26. Qc1 Qxc1 27. Rxc1
Ra8 28. Rc3 Ra4 29. Rb3 Nd7 30. f4 Nc5 31. Re3 Rc4 32. Bf1 Rxe4 33. Rxe4 Nxe4
34. Kg2 Kf8 35. Bb5 Ke7 36. Bd3 Nc3 37. Bc4 Kd6 38. Bb3 Nb5 39. a4 Nd4 40. Bd1
Kd5 41. Kf2 Ke4 42. h4 Kd3 43. g4 Ke4 44. Kg3 Ke3 45. g5 Nf5+ 46. Kg4 h5+ 47.
Kh3 g6 48. Bb3 Kxf4 49. Bc4 Kf3 50. Bb3 Kf2 51. Bc4 Nd6 0-1

[Event "Druzynowe Mistrzostwa Polski Juniorow - Ekstraliga 2021"]
[Site "Lublin"]
[Date "1899-12-30"]
[Round "4.20"]
[White "Czopor, Maciej"]
[Black "Krupinski, Mikolaj"]
[Result "1-0"]
[WhiteTitle "FM"]
[BlackTitle "I"]
[WhiteElo "2279"]
[BlackElo "1830"]

1. e4 e6 2. d4 d5 3. Nd2 c5 4. exd5 Qxd5 5. Ngf3 cxd4 6. Bc4 Qd6 7. O-O Nf6 8.
Nb3 Nc6 9. Nbxd4 Nxd4 10. Nxd4 a6 11. Re1 Qc7 12. Bf1 Bd6 13. Nf5 Bxh2+ 14. Kh1
Kf8 15. Qd4 exf5 16. Qxf6 h5 17. Qd4 Bd6 18. Bd2 Qc5 19. Qd3 Be6 20. Rad1 Bc7
21. Kg1 Qd6 22. Qh3 f4 23. Qh4 Qe7 24. Qxe7+ Kxe7 25. Bb4+ Kf6 26. Bc3+ Kg6 27.
Rxe6+ fxe6 28. Rd7 Bb6 29. Bd3+ Kh6 30. Bxg7+ Kg5 31. Be5 Rhg8 32. Rxb7 Bc5 33.
Rf7 f3 34. Bf4+ Kg4 35. Be4 fxg2 36. Bxa8 Kh3 37. Be5 Rxa8 38. Rf3+ Kg4 39. Kxg2
h4 40. Rf4+ Kg5 41. Rf7 Rc8 42. Kh3 Bb6 43. c3 Rc6 44. f4+ Kh5 45. Rg7 Bf2 46.
Rg5+ Kh6 47. Kg4 Bg3 48. Rg8 Kh7 49. Rf8 Bf2 50. Kg5 Rb6 51. Rh8# 1-0

[Event "Druzynowe Mistrzostwa Polski Juniorow - Ekstraliga 2021"]
[Site "Lublin"]
[Date "1899-12-30"]
[Round "4.21"]
[White "Malek, Jan"]
[Black "Madej, Marek"]
[Result "1/2-1/2"]
[WhiteTitle "I++"]
[BlackTitle "I"]
[WhiteElo "2097"]
[BlackElo "1805"]

1. Nf3 Nf6 2. g3 g6 3. Bg2 Bg7 4. O-O O-O 5. d4 c6 6. c4 d5 7. Nbd2 Bf5 8. b3 Ne4
9. Bb2 Nd7 10. Nh4 Nxd2 11. Qxd2 Be6 12. e4 dxe4 13. Bxe4 Bh3 14. Rfd1 e5 15.
d5 c5 16. d6 Qb6 17. Nf3 Bg4 18. Qe3 Rae8 19. Rd2 Bxf3 20. Qxf3 f5 21. Bd5+ Kh8
22. Bxb7 e4 23. Bxg7+ Kxg7 24. Qc3+ Rf6 25. Bd5 Qd8 26. b4 Ne5 27. bxc5 Nf3+ 28.
Kg2 Nxd2 29. Qxd2 Qc8 30. Rb1 e3 31. fxe3 Qxc5 32. Rb7+ Kh8 33. d7 Rd8 34. Qc3
Kg7 35. Qe5 Qd6 36. Qe8 Rf8 37. Qe6 Qxe6 38. Bxe6 Rf6 39. Bd5 Rd6 40. Rxa7 R8xd7
41. Ra8 Rb6 42. h4 Kf6 43. Kf3 Ke5 44. a4 Kd6 45. a5 Rb3 46. Ra6+ Ke7 47. Kf4
Rd6 48. Ra8 Rd8 49. Rxd8 Kxd8 50. e4 fxe4 51. Bxe4 Ra3 52. h5 gxh5 53. Bxh7 Rxa5
54. Be4 Ke7 55. Bd5 Kf6 56. g4 hxg4 57. Kxg4 Ke5 58. Kg5 Ra1 59. Kg6 Rg1+ 60.
Kf7 Rg4 61. Ke7 Rg7+ 62. Bf7 Rh7 63. c5 Rxf7+ 64. Kxf7 Kd5 1/2-1/2

[Event "Druzynowe Mistrzostwa Polski Juniorow - Ekstraliga 2021"]
[Site "Lublin"]
[Date "1899-12-30"]
[Round "4.22"]
[White "Grot, Blazej"]
[Black "Wydmanski, Szymon"]
[Result "0-1"]
[WhiteTitle "CM"]
[BlackTitle "I"]
[WhiteElo "1728"]
[BlackElo "1697"]

1. e4 e6 2. d4 d5 3. Nc3 Bb4 4. e5 c5 5. a3 Bxc3+ 6. bxc3 Qa5 7. Bd2 Qa4 8. Qg4
Kf8 9. Ra2 Nc6 10. Nf3 b6 11. Qf4 h6 12. g4 Nge7 13. g5 Ng6 14. Qg3 h5 15. Bd3
Ba6 16. Bxg6 fxg6 17. Qf4+ Kg8 18. Qe3 Qb5 19. Bc1 Na5 20. Rb2 Qc6 21. Nd2 Nc4
22. Nxc4 Bxc4 23. h4 Kf7 24. Qf4+ Ke7 25. Rh3 Rhf8 26. Qe3 Ba6 27. f4 Rac8 28.
Kd1 Qa4 29. Rg3 cxd4 30. Qxd4 Rc4 31. Qf2 d4 32. Rb4 Rxb4 33. axb4 dxc3 34. Rxc3
Rd8+ 35. Ke1 Qd7 36. Bd2 Qd5 37. Qh2 Qe4+ 38. Kd1 Qxb4 39. Kc1 Qa4 40. Kb1 Bc4
41. Rxc4 Qxc4 42. Qg2 Rd5 43. Kc1 Qd4 44. c3 Qxd2+ 45. Qxd2 Rxd2 46. Kxd2 Kd7
47. Kd3 Kc6 48. c4 Kc5 49. Kc3 a5 50. Kb3 a4+ 51. Kxa4 Kxc4 52. Ka3 b5 53. Kb2
b4 54. Kb1 Kb3 55. Kc1 Ka2 0-1

[Event "Druzynowe Mistrzostwa Polski Juniorow - Ekstraliga 2021"]
[Site "Lublin"]
[Date "1899-12-30"]
[Round "4.23"]
[White "Dylag, Emilia"]
[Black "Harazinska, Magdalena"]
[Result "0-1"]
[WhiteTitle "WFM"]
[BlackTitle "WFM"]
[WhiteElo "2116"]
[BlackElo "2034"]

1. d4 d5 2. c4 dxc4 3. e4 Nf6 4. e5 Nd5 5. Bxc4 Bf5 6. Ne2 e6 7. O-O Nb6 8. Bb3
Nc6 9. Nbc3 Qd7 10. Be3 O-O-O 11. a3 Kb8 12. Qc1 Be7 13. Rd1 Qc8 14. Ba2 f6 15.
exf6 Bxf6 16. b4 Ne7 17. a4 Nbd5 18. Bxd5 Nxd5 19. Nxd5 Rxd5 20. Qc4 Rd6 21. b5
g5 22. Rac1 Qd7 23. Re1 h6 24. f3 Rc8 25. Bf2 h5 26. Rcd1 h4 27. Nc1 c5 28. g4
cxd4 29. Qb4 Bc2 30. Rd2 d3 31. Na2 Bd4 32. Qa3 Bxf2+ 33. Kxf2 Rd4 34. Kg2 Rxa4
35. Qb2 Qd4 36. Qxd4 Rxd4 37. Kf2 Rc5 38. Ke3 Ra4 39. Nc1 Re5+ 40. Kf2 Rxe1 41.
Kxe1 Ra1 0-1

[Event "Druzynowe Mistrzostwa Polski Juniorow - Ekstraliga 2021"]
[Site "Lublin"]
[Date "1899-12-30"]
[Round "4.24"]
[White "Smietanska, Wiktoria"]
[Black "Szopa, Emilia"]
[Result "1-0"]
[WhiteTitle "CM"]
[BlackTitle "I++"]
[WhiteElo "1802"]
[BlackElo "1688"]

1. e4 c6 2. d4 d5 3. Nd2 dxe4 4. Nxe4 Nd7 5. Nf3 Ngf6 6. Ng3 e6 7. c3 Bd6 8. Bd3
O-O 9. O-O h6 10. Re1 Qc7 11. Bc2 b6 12. b3 Bb7 13. Bb2 Rad8 14. Qe2 c5 15. c4
cxd4 16. Nxd4 Bb4 17. Red1 Rfe8 18. a3 Bc5 19. Rac1 e5 20. Ndf5 Qc6 21. Ne3 a5
22. Nd5 e4 23. b4 Bf8 24. Bb3 Nxd5 25. cxd5 Qg6 26. bxa5 Nc5 27. Bc4 Nd3 28. Bxd3
exd3 29. Qxd3 Re1+ 30. Nf1 Rxd1 31. Rxd1 Qh5 32. Ne3 bxa5 33. Qb5 Rb8 34. Qxa5
Bd6 35. g3 Qe2 36. Qc3 f6 37. Qd2 Qf3 38. Nc4 Bc5 39. Ne3 Re8 40. Bd4 Bxd5 41.
Nxd5 Qxd5 42. Bxc5 Qxc5 43. Qd5+ Qxd5 44. Rxd5 Re1+ 45. Kg2 Ra1 46. Rd8+ Kf7 47.
Ra8 Kg6 48. a4 Ra3 49. h4 h5 50. Kf1 Ra2 51. Kg2 Ra3 52. a5 Kh7 53. a6 Kg6 54.
a7 Kh7 55. Kf1 Ra2 56. Ke1 Kg6 57. Kd1 Ra1+ 58. Kc2 Ra2+ 59. Kb3 Ra1 60. Kb4 Rb1+
61. Kc5 Rc1+ 62. Kd4 Rd1+ 63. Kc3 Ra1 64. Kd2 Ra2+ 65. Ke3 Ra3+ 66. Kf4 Ra4+ 67.
Kf3 Ra3+ 68. Kg2 Ra2 69. Kh3 Ra3 70. f3 Ra1 71. g4 hxg4+ 72. Kxg4 Ra3 73. h5+
Kh7 74. f4 Ra5 75. Kf3 Ra4 76. Ke3 Ra3+ 77. Ke4 Ra5 78. Kd4 Ra4+ 79. Kc5 Ra1 80.
Kd6 Ra2 81. Ke6 Ra5 82. Kf7 Ra6 83. f5 Ra5 84. h6 gxh6 85. Kxf6 Ra6+ 86. Ke7 Ra1
87. f6 Re1+ 88. Kf7 Ra1 89. Ke7 Re1+ 90. Kd6 Rd1+ 91. Ke5 Re1+ 92. Kd4 Rd1+ 93.
Ke3 Re1+ 94. Kf2 Ra1 95. f7 Ra2+ 96. Ke3 1-0

[Event "Druzynowe Mistrzostwa Polski Juniorow - Ekstraliga 2021"]
[Site "Lublin"]
[Date "1899-12-30"]
[Round "4.25"]
[White "Dzida, Kamil"]
[Black "Baum, Jonasz"]
[Result "1-0"]
[WhiteTitle "k+"]
[BlackTitle "IM"]
[WhiteElo "2204"]
[BlackElo "2260"]

1. e4 c6 2. d4 d5 3. Nc3 dxe4 4. Nxe4 Bf5 5. Ng3 Bg6 6. h4 h6 7. f4 e6 8. Nf3 Nd7
9. h5 Bh7 10. Bd3 Bxd3 11. Qxd3 Ngf6 12. Bd2 Qb6 13. O-O-O Qb5 14. c4 Qa6 15.
Kb1 b5 16. Rc1 Bd6 17. Ne5 O-O 18. Nxd7 Nxd7 19. c5 Be7 20. f5 e5 21. Ne4 Qa4
22. Bc3 b4 23. b3 Qa5 24. Bb2 exd4 25. Qxd4 Nf6 26. Rh3 Qd8 27. Qxb4 Rb8 28. Qa4
Nxe4 29. Qxe4 Bg5 30. Rd3 Qa5 31. Qd4 Bf6 32. Qg4 Bxb2 33. Kxb2 Rbd8 34. f6 g5
35. hxg6 Rxd3 36. gxf7+ Kxf7 37. Qg7+ Ke6 38. Qe7+ Kd5 39. Qd6+ Ke4 40. Rc4+ Ke3
41. Qf4+ Ke2 42. Re4+ Kd1 43. Qf1+ Kd2 44. Qc1# 1-0

[Event "Druzynowe Mistrzostwa Polski Juniorow - Ekstraliga 2021"]
[Site "Lublin"]
[Date "1899-12-30"]
[Round "4.26"]
[White "Malicka, Maria"]
[Black "Koziorowicz, Michal"]
[Result "1/2-1/2"]
[WhiteTitle "FM"]
[BlackTitle "k+"]
[WhiteElo "2272"]
[BlackElo "2122"]

1. e4 c5 2. Nf3 d6 3. d4 cxd4 4. Nxd4 Nf6 5. Nc3 g6 6. Be3 Bg7 7. f3 O-O 8. Qd2
Nc6 9. g4 Be6 10. Nxe6 fxe6 11. O-O-O Qc8 12. h4 Ne5 13. Be2 Nfd7 14. h5 Nc4 15.
Bxc4 Qxc4 16. hxg6 hxg6 17. f4 b5 18. e5 b4 19. Nb1 Qxa2 20. Qd3 dxe5 21. Qxg6
exf4 22. Bd4 Rf6 23. Bxf6 Nxf6 24. Rd3 Rc8 25. Rhd1 Ne8 26. c3 Nd6 27. Rh3 bxc3
28. Nxc3 Qb3 29. Rdh1 Nf7 30. Rh7 Rxc3+ 31. bxc3 Qxc3+ 32. Qc2 Qa3+ 33. Kd1 Qf3+
34. Qe2 Qd5+ 35. Qd2 Ng5 36. Qxd5 exd5 37. R7h5 Ne4 38. R1h2 e6 39. Rc2 f3 40.
Rc8+ Kf7 41. Rc7+ Kg6 42. Rc6 Nf2+ 43. Ke1 Nxg4 44. Rxd5 f2+ 45. Ke2 f1=Q+ 46.
Kxf1 Ne3+ 47. Ke2 Nxd5 48. Rxe6+ Kf5 49. Ra6 Bd4 50. Kd2 Ke5 51. Ra4 Bc5 52. Kd3
Kd6 53. Ra6+ Bb6 54. Kc4 Kc6 55. Ra1 Ne3+ 56. Kb3 Kb5 57. Rh1 a5 58. Rh4 Bc5 59.
Rh5 a4+ 60. Kc3 Nc4 61. Rg5 Nb6 62. Rh5 Kc6 63. Rh6+ Bd6 64. Rh5 Bf4 65. Rf5 Bc1
66. Kb4 Bd2+ 67. Ka3 Bc3 68. Rg5 Bd4 69. Kb4 Be3 70. Rg6+ Kd5 71. Rxb6 Bxb6 72.
Kxa4 Ke5 1/2-1/2

[Event "Druzynowe Mistrzostwa Polski Juniorow - Ekstraliga 2021"]
[Site "Lublin"]
[Date "1899-12-30"]
[Round "4.27"]
[White "Klimkowski, Jan"]
[Black "Janeczko, Jakub"]
[Result "1-0"]
[WhiteTitle "FM"]
[BlackTitle "I++"]
[WhiteElo "2322"]
[BlackElo "1918"]

1. d4 Nf6 2. c4 e5 3. dxe5 Ng4 4. Nf3 Bc5 5. e3 Nc6 6. Be2 Ncxe5 7. Nxe5 Nxe5 8.
O-O O-O 9. Nc3 Re8 10. Nd5 a5 11. Bd2 Ra6 12. Nf4 Qg5 13. Bc3 d6 14. Kh1 Bf5 15.
Bf3 c6 16. b3 Qh4 17. g3 Qh6 18. Bxe5 dxe5 19. Nd3 Rd8 20. e4 Bh3 21. Bg2 Bd4
22. Rb1 Be6 23. Nxe5 Raa8 24. Nd3 b5 25. cxb5 cxb5 26. Qe2 b4 27. Nf4 a4 28. Rfd1
Qf6 29. e5 Qxe5 30. Qxe5 Bxe5 31. Bxa8 Rxa8 32. Nxe6 fxe6 33. Rd7 axb3 34. axb3
Bc3 35. Rbd1 Ra3 36. Rb1 e5 37. f3 Ra2 38. Rbd1 h6 39. Re7 Rb2 40. Rdd7 e4 41.
fxe4 Rxb3 42. e5 Rb1+ 43. Kg2 Re1 44. Rxg7+ Kf8 45. Rdf7+ Ke8 46. Re7+ Kf8 47.
Rgf7+ Kg8 48. e6 Rxe6 49. Rxe6 Kxf7 50. Rxh6 Bf6 51. Rh5 1-0

[Event "Druzynowe Mistrzostwa Polski Juniorow - Ekstraliga 2021"]
[Site "Lublin"]
[Date "1899-12-30"]
[Round "4.28"]
[White "Pancewicz, Szymon"]
[Black "Rog, Bartlomiej"]
[Result "0-1"]
[WhiteTitle "I+"]
[BlackTitle "I++"]
[WhiteElo "1872"]
[BlackElo "1872"]

1. e4 c5 2. Nf3 d6 3. d4 cxd4 4. Nxd4 Nf6 5. Nc3 Nc6 6. Bg5 e6 7. Qd2 a6 8. O-O-O
Bd7 9. f4 Be7 10. Nf3 b5 11. e5 dxe5 12. fxe5 Nd5 13. Nxd5 exd5 14. Bxe7 Nxe7
15. Kb1 a5 16. Bd3 O-O 17. Rhf1 h6 18. Qf4 Qb6 19. g4 b4 20. g5 h5 21. Qh4 g6
22. Rde1 a4 23. Nd4 b3 24. cxb3 axb3 25. Nxb3 Rxa2 26. Kxa2 Ra8+ 27. Kb1 Qxb3
28. Qd4 Nc6 29. Qc3 Qa2+ 30. Kc1 Na5 31. Kd2 d4 32. Qb4 Nb3+ 33. Kc2 Rc8+ 34.
Bc4 Be6 35. Qxb3 Rxc4+ 36. Qxc4 Qxc4+ 37. Kd2 Qb4+ 38. Kc1 Bb3 39. Kb1 Qa5 40.
Rg1 d3 0-1